L'ermeneutica come comunicare (Registro nro. 5101)

Detalles MARC
000 -CABECERA
campo de control de longitud fija 00473nam a22001817a 4500
003 - IDENTIFICADOR DEL NÚMERO DE CONTROL
campo de control AR-RoIUNI
005 - FECHA Y HORA DE LA ÚLTIMA TRANSACCIÓN
campo de control 20190902155339.0
008 - DATOS DE LONGITUD FIJA--INFORMACIÓN GENERAL
campo de control de longitud fija 190902b xxu||||| |||| 00| 0 spa d
020 ## - NÚMERO INTERNACIONAL ESTÁNDAR DEL LIBRO
Número Internacional Estándar del Libro 8887119112
040 ## - FUENTE DE LA CATALOGACIÓN
Centro/agencia transcriptor AR-RoIUNI
080 ## - NÚMERO DE LA CLASIFICACIÓN DECIMAL UNIVERSAL
Número de la Clasificación Decimal Universal 1 GIO
100 1# - ENTRADA PRINCIPAL--NOMBRE DE PERSONA
Nombre de persona Giordano, Luisa
245 12 - MENCIÓN DE TÍTULO
Título L'ermeneutica come comunicare
Resto del título Saggio Heidegger
Mención de responsabilidad, etc. Luisa Giordano
260 ## - PUBLICACIÓN, DISTRIBUCIÓN, ETC. (PIE DE IMPRENTA)
Lugar de publicación, distribución, etc. Genova
Nombre del editor, distribuidor, etc. Colors Edizioni
Fecha de publicación, distribución, etc. c1998
300 ## - DESCRIPCIÓN FÍSICA
Extensión 139 p.
Dimensiones 19 cm.
650 10 - PUNTO DE ACCESO ADICIONAL DE MATERIA--TÉRMINO DE MATERIA
9 (RLIN) 77
Término de materia o nombre geográfico como elemento inicial Filosofía
942 ## - ELEMENTOS DE PUNTO DE ACCESO ADICIONAL (KOHA)
Fuente del sistema de clasificación o colocación Clasificación Decimal Universal
Tipo de ítem Koha Libros
Existencias
Estado de retiro Estado de pérdida Fuente del sistema de clasificación o colocación Estado dañado Excepción de préstamo Código de colección Localización permanente Ubicación/localización actual Ubicación en estantería Fecha de adquisición Número de inventario Total de préstamos Signatura topográfica completa Código de barras Fecha visto por última vez Precio válido a partir de Tipo de ítem Koha
    Clasificación Decimal Universal     Idiomas BIBLIOTECA CENTRAL BIBLIOTECA CENTRAL BIBLIOTECA CENTRAL 02/09/2019 6632   1 GIO 6632c 02/09/2019 02/09/2019 Libros
    Clasificación Decimal Universal     Idiomas BIBLIOTECA CENTRAL BIBLIOTECA CENTRAL BIBLIOTECA CENTRAL 02/09/2019 6633   1 GIO 6633c 02/09/2019 02/09/2019 Libros